DESCRIPTIVE TEXT PRACTICE - Statistics

General Stats
  • This quiz has been taken 307 times
  • The average score is 11 of 19
Answer Stats
Question Answer % Correct
The purpose of Kasada Festival? To express their gratitude to God in symbolic
85%
What is the definition of descriptive text? A text that describes something, such as person, animal, thing or place in a detailed way
83%
What can be described in a descriptive text? All of the above
79%
Why did Petruk Cave named asone of character in Punokawan puppet? Because the cave’s length is as long as Petruk’s nose
76%
The text above is the form of…… Description
76%
The name of Raja Ampat (Raja means king, and empat means four) comes from local mythology that tells of a woman who finds seven eggs. Four of the seven hatch and become kings who occupy four of Raja Ampat's biggest islands whilst the other three become a ghost, a woman, and a stone.History shows that Raja Ampat was once a part of the Sultanate of Tidore, an influential kingdom from Maluku. Yet, after the Dutch invaded Maluku, it was claimed by the Netherlands.The first recorded sighting and landing by Europeans of the Ampat Islands was by the Portuguese navigator Jorge de Menezes and his crew in 1526, en route from Biak, the Bird's Head Peninsula, and Waigeo, to Halmahera (Ternate).The English explorer William Dampier gave his name to Dampier Strait, which separates Batanta island from Waigeo island. To the east, there is a strait that separates Batanta from Salawati. In 1759 Captain William Wilson sailing in the East Indiaman Pitt navigated these waters and named a strait the 'Pitt strait', after his vessel; this was probably the channel between Batanta and Salawati. Where is the location of raja ampat? West Papua
75%
The purpose of descriptive text is … To describe a particular person, thing or place
70%
What is “lead” in paragraph 2? Guide
69%
Which part of Petruk Cave which used to place to put foods for ancestor? In Hindu cave
67%
The organization of the text above is …. Identification , description
65%
“The city was established in the 14th century.” The best adjective to describe the city is... Ancient
63%
The name of Raja Ampat (Raja means king, and empat means four) comes from local mythology that tells of a woman who finds seven eggs. Four of the seven hatch and become kings who occupy four of Raja Ampat's biggest islands whilst the other three become a ghost, a woman, and a stone.History shows that Raja Ampat was once a part of the Sultanate of Tidore, an influential kingdom from Maluku. after the Dutch invaded Maluku, it was claimed by the Netherlands. The statements are not true based on the text are ... Raja Ampat wasn't once a part of the Sultanate of Tidore
63%
The second paragraph in descriptive text is called… Desciption
61%
Petruk ave is one of the leading tourist attraction in Kebumen, Central Java. Thec ave is located in the dukuh Mandayana Candirenggo Village, Ayah District, Kebumen regency. In the petruk cave There is no lighting that illuminates the cave. It is still very natural cave so that petruk cave is very dark to be entered. Petruk cave’s named Petruk cave because the length of cave is as long as petruk’s nose.In the cave there are 3 floors that are the first is a basic cave. Hindu caves and Petruk cave. The base cave is a short cave which is just 100 meters away. The cave is used tourist attractions. Hindu cave is part of the cave that is usually used to put offerings to the ancestor. Inside Petruk cave there are so many stalactites and stalagmites which are really awesome. If you want to explore this cave you must be lead by guides who are ready to take you through the cave. After arriving at the end of cave, you see the beach or waterfall located near at the end of the cave. What is the purpose of the text ? To describe Petruk Cave
59%
Read the list below (1) Using simple present (2) Using adjective (3) Using linking verbs (4) Using declarative sentence (5) Using simple past tense Which of the above features cannot be used in a descriptive text? (5)
49%
Tanjung Puting National Park Tanjung Puting National Park is an internationally famous ecotourism destination, which is located in the southwest of Central Kalimantan peninsula. Visitors from foreign countries come to this park because of its amazing nature. This is called a park, but unlike any park that you have seen in your city, this is a jungle! It is a real jungle, which is home to the most interesting animals in the world: orang utans. (orientation/identification) Where is Tanjung Putting National Park located? Central Kalimantan
47%
BROMO MOUNTAIN Bromo is one of mountains in Java that is known around the world. As one of the special tourism places in Java. Bromo mountain is not only rich of its natural beauty but also in harmony with the local people around it.In Bromo, the visitors can enjoy both the beauty of beauty the nature and also the culture in that area because Bromo is not simply a mountain but also an important place for ritual ceremony of Hindu .Located around 2.5 hours from Malang, Bromo is one of active volcanoes which it part of the Bromo Tengger Semeru National Park. The beauty of Bromo can be seen clearly from the top of Pananjakan Mountain that is close to Bromo which has higher level (2,770 meters ). Bromo itself is only 2,392 meters.Even to Bromo is not a high volcano, the history of the eruption was so dramatic. The sands around it, which people call the sea of the sands (Segara Wedi), is the proof that is mountain had killed the life in its surroundings .The name of Bromo is taken from the name of the God of Hind, Brahma. People of Tengger has a myth about that mountain that makes it have mystical nuance. But it more thanmyth because people still believe that by holding Kasada Festival every year . they express their gratitude to God in a symbolic way by throwing vegetables, cattle, and also money as an offering in the Bromo’s crates. According to the text, where is Bromo Mountain located? All of the above
25%
Which of the following is not simple present tense? The waters falls from higher places to the lower ones
22%
The identification of the above text is……. though Bromo is not a high volcano, the history of the eruption was so dramatic. The sands around it, is the proof that this mountain had the killed the life in its surroundings.
14%
No matching quizzes found
Score Distribution
Percent of People with Each Score
Percentile by Number Answered
Your Score History
You have not taken this quiz